[Event "EU-chT (Men) 18th"]
[Site "Porto Carras"]
[Date "2011.11.05"]
[Round "3.3"]
[White "Papaioannou, Ioannis"]
[Black "Mamedyarov, Shakhriyar"]
[Result "0-1"]
[WhiteElo "2600"]
[BlackElo "2733"]
[Annotator "Marin,M"]
[PlyCount "94"]
[EventDate "2011.11.03"]
[EventType "team-swiss"]
[EventRounds "9"]
[EventCountry "GRE"]
[SourceTitle "CBM 146"]
[Source "ChessBase"]
[SourceDate "2012.01.18"]
[SourceVersion "1"]
[SourceVersionDate "2012.01.18"]
[SourceQuality "1"]
[WhiteTeam "Greece"]
[BlackTeam "Azerbaijan"]
[WhiteTeamCountry "GRE"]
[BlackTeamCountry "AZE"]

1. d4 Nf6 2. Nf3 g6 3. Bg5 Bg7 4. Nbd2 d6 $5 {This is not meant as a simple
transposition to the lines with 4...0-0. Black intends to refrain from
castling for good, in order to start chasing the g5-bishop.} 5. c3 Nbd7 6. e4
h6 7. Bh4 {The most ambitious move. In order to get rid of the pin along the
h4-d8 diagonal, Black will need to weaken his kingside light squares with ...
g5.} ({Grandmaster Vlado Kovacevic tried} 7. Be3 {in a couple of games against
strong opponents, obtaining an excellent 1.5 points out of two. However, Black
did not seem to have problems in any of the games.} e5 8. dxe5 dxe5 9. h3 O-O (
9... Qe7 10. b4 O-O 11. Be2 b6 12. O-O a5 13. a3 Ba6 14. Bxa6 Rxa6 15. Qe2 Rfa8
16. b5 R6a7 17. a4 Qe6 18. Rfd1 Re8 19. Qc4 Raa8 $13 {Kovacevic,V (2465)
-Tseshkovsky,V (2555)/Zagreb 1975/MCD (1-0, 59)}) 10. Bc4 Qe7 11. b4 b6 12. O-O
Bb7 13. Qc2 Ne8 $132 {[%cal Ge8d6] Kovacevic,V-Polugaevsky,L (2635)/Vinkovci
1976/EXT 99 (1/2, 44)}) 7... Nh5 $1 {The most accurate move order.} ({Inserting
} 7... g5 $6 8. Bg3 {before playing} Nh5 {is premature. First of all, with the
f4-square defended, White can choose where to develop his king's bishop, but
this is less relevant. The main thing is that the h5-knight is not defended,
allowing White to provoke ...Nxg3 at an earlier stage than Black may wish to
do it.} 9. Nc4 $1 {Preparing the optimal regrouping, based on Ne3 and Nf3-d2.
This way, White will get a firm grip on the light squares, being ready to meet
...c5 with d4-d5 and inhibiting ...e5. The knights are quite versatile and
White can also choose to switch to play on the dark squares with e4-e5 under
certain circumstances. These aspects have to be taken into account when
examining the main game, too.} (9. Bd3 {Espig,L (2425)-Uhlmann,W (2505)/
Cottbus 1983/MCL/[Belov] (0-1, 45)}) (9. Be2 c5 10. dxc5 Nxc5 11. Nd4 Nxg3 12.
hxg3 a6 13. Qc2 Bd7 14. N2b3 Rc8 $11 {Soos,B (2430)-Ghinda,M (2455)/Kiel 1979/
EXT 2003 (1/2, 20)}) 9... e6 ({Maybe Mamedyarov knew about the recent
experience of one of his countrymen:} 9... Nxg3 10. hxg3 e6 11. Bd3 Qe7 12. Qe2
b6 13. O-O-O Bb7 14. Ne3 a6 15. Kb1 b5 16. Bc2 Nb6 17. Nd2 c5 18. dxc5 dxc5 19.
f4 O-O-O 20. e5 $14 {Kamsky,G (2702)-Radjabov,T (2740)/Baku 2010/CBM 136 Extra
(1-0, 41)}) 10. Nfd2 Nxg3 11. hxg3 Qe7 12. Ne3 Nf6 13. Qb3 c6 14. O-O-O $14 {
White is better developed and has space advantage. He can become active with
f4 or g3-g4, g2-g3 and f2-f4.} e5 $6 {[%csl Gf5] I am pretty sure that this
was the last thing Black's position needed.} 15. dxe5 dxe5 16. Ndc4 Be6 17. Nf5
Bxf5 18. Nd6+ Qxd6 19. Rxd6 Nxe4 20. Qxb7 O-O 21. Rdxh6 $18 {Salov,V (2595)
-Smirin,I (2500)/Moscow 1988/URS-ch (1/2, 73)}) 8. Bc4 (8. Nc4 {would be
hitting at thin air now after} O-O {Gawehns,K (2345)-Bruch,I (2295)/Germany
1993/GER-chT2 (0-1, 27), is the only game with this line, and rightly so.})
8... g5 9. Bg3 e6 10. Qe2 {The most flexible move. Prematurely playing for
space can bring just troubles, as the following examples suggest.} (10. Ng1
Nxg3 11. hxg3 Qe7 12. f4 c5 13. e5 cxd4 14. cxd4 dxe5 15. dxe5 Nb6 16. Qb3 Bd7
17. Ne4 O-O-O 18. Nd6+ Kb8 19. a4 Bc6 $15 {Lukasiewicz,G (2335)-Tseshkovsky,V 
(2490)/Wisla 1992/TD (0-1, 39)}) (10. Nf1 Nxg3 11. hxg3 g4 $6 {This looks like
premature activity, leading to a loss of time.} (11... Qe7 $5) 12. Nh4 $2 {
Completely missing the point. The knight risks remaining out of play.} (12.
N3d2 $1 {would achieve the desired regrouping with gain of time.} h5 13. Ne3
Qg5 14. Qe2 a6 15. O-O-O b5 16. Bb3 $14) 12... h5 13. f4 Nf6 ({A more flexible
approach is} 13... Nb6 14. Bb3 Bd7 15. Ne3 Qe7 {In view of the passive
position of the h4-knight, I would rather prefer Black here.}) 14. Qd3 c6 15.
d5 $36 {Dobosz,H (2360)-Jansa,V (2460)/Copenhagen 1981/EXT 2000/[Ftacnik] (1-0,
39)}) (10. O-O {eventually led to a crushing white attack, but only because of
Black's inaccurate planning.} Qe7 {Now or slightly later, Black should have
decided himself for ...Nxg3 followed by ...g4 and ...h5, questioning the
safety of the white king.} 11. Re1 Nxg3 12. hxg3 a6 13. Nf1 b5 14. Bb3 Bb7 15.
d5 Nc5 16. Bc2 a5 17. a3 O-O {Castling directly into the line of fire.} 18. Nd4
Qd7 19. Ne3 c6 20. Qh5 b4 21. dxc6 Bxc6 22. Ng4 b3 23. Bb1 Rac8 24. e5 $1 {
The start of a powerful, possibly decisive, attack.} dxe5 25. Rxe5 f5 26. Nxh6+
Bxh6 27. Qxh6 Bd5 28. Bxf5 $1 $18 {Torre,E (2543)-Istratescu,A (2621)/Turin
2006/CBM 113 (1-0, 39)}) 10... Qe7 11. O-O-O a6 12. Bb3 ({A completely
different plan would be} 12. Nb3 {/\Nfd2} a5 {/\a5-a4-a3} 13. a3 {Hansen,Cu 1/
2 Khalifman,A (2625)-Wahls,M (2570)/Munich 1992/CBM 030/[Hansen,Cu] (60)}) (12.
a3 $5 {is interesting, containing some ideas from the Sozin Sicilian with an
early a2-a3. The bishop will be safer on a2 than on b3, but White's loss of a
tempo may also count.} b6 $6 {Too passive.} (12... b5 13. Ba2 Bb7 {is the
critical line, when Black would be a tempo up with respect to the game.}) 13.
Ba2 Bb7 14. Ne1 Nxg3 15. hxg3 O-O-O (15... c5 16. Nc2 O-O-O 17. d5 exd5 18. Ne3
$36) 16. Nc2 Kb8 17. Ne3 Ka7 $14 {Black has played solidly, but without any
ambitions. White has completed his regrouping and can start active operations.}
18. f4 (18. g4 {/\g3, f4}) 18... c5 19. d5 b5 20. Qf2 Nb6 21. f5 {An
interesting aproach. White prepares the e4-square for his knight.} ({A more
natural continuation would be} 21. Rhf1 {[%cal Gf2f7,Gd1e1] /\Rde1}) 21... exd5
22. Bxd5 Bxd5 23. Nxd5 Nxd5 24. exd5 Be5 25. Kb1 Qb7 26. Ne4 f6 27. g4 Ka8 28.
Rh3 $14 {Epishin,V (2562)-Fries Nielsen,N (2326)/Odense 2011/CBM 142 Extra 
(1-0, 47). The e5-bishop is biting on a rock (c3), and looks like a prisoner
in the centre of the board rather than an active piece. White has more space
and can strengthen his pressure at his own leisure.}) 12... b5 13. Nf1 {
This is the best move, but I believe that the idea behind it is wrong.} (13.
Ne1 {is too straightforward an attempt to reach the optimal regrouping:} Nxg3
14. hxg3 c5 (14... Bb7 15. Nc2 c5 {/\...c4, /\...cxd4}) 15. dxc5 ({With his
knights far from the e3-square,} 15. d5 {does not offer an advantage:} c4 16.
dxe6 fxe6 17. Bc2 Bb7) 15... Nxc5 16. Nd3 Qc7 17. Kb1 Bb7 18. Nxc5 Qxc5 {
Black has nothing to fear in this Sicilian type of position.} 19. Qh5 $6 {
Too committal.} (19. f4 $5 $13) 19... Ke7 $6 (19... b4 $1 20. cxb4 Qxb4 $40 {
[%csl Gb2,Ge4][%cal Ga6a5,Gb4d4]}) 20. f4 a5 21. e5 dxe5 22. f5 $36 {Waldmann,
H (2324)-Kovalev,A (2533)/Vienna 2009/CBM 131 Extra (0-1, 39)}) 13... Bb7 14.
N3d2 Nxg3 15. Nxg3 $6 {White not only refrains from strengthening his centre,
but also takes his knight far from the critical squares.} (15. hxg3 {is the
critical continuation.} b4 (15... c5 $6 16. d5 $1 c4 17. Bc2 exd5 18. Ne3 $36 {
looks very dangerous for Black}) 16. Ne3 bxc3 17. bxc3 {The white king's
position has been weakened, but for Black it is not easy to open the centre,
since his king could also become exposed.} c5 (17... Rb8 18. Qd3 c5 19. d5 Ne5
20. Qc2 $14) 18. d5 $1 Bxc3 19. Ndc4 Bd4 20. Ba4 $44) 15... Rg8 16. h4 $146 {
A novelty, which does not achieve anything positive.} (16. Bc2 b4 17. Nb3 bxc3
18. bxc3 d5 19. exd5 ({At first sight,} 19. Nh5 Bh8 20. e5 {looks promising,
but for White it will not be easy to keep the h8-bishop captive.} c5 {creates
the strong threat of ...c4 followed by ...Qa3+, while White should also watch
possible sacrifices on e5, opening the h8-beast.}) 19... Bxd5 20. Bh7 Rh8 21.
Be4 Qa3+ 22. Qb2 Qxb2+ 23. Kxb2 c6 $13 {Kuijf,M (2430)-De Wit,J (2395)/Wijk
aan Zee 1984/MCL (0-1, 58)}) 16... gxh4 $1 17. Nh5 Bh8 {Black is a pawn up,
the g2-pawn is hanging, and ...c5 is a strong threat, since the d4-pawn is
insuficiently well defended.} 18. g3 $5 c5 $5 ({Black also has excellent play
after} 18... hxg3 19. Nxg3 O-O-O 20. Rxh6 c5 $132 {, but Mamedyarov prefers
immediate action.}) 19. Nf3 $2 {After this move, the h8-bishop becomes a
killer.} (19. dxc5 dxc5 20. Rxh4 c4 21. Bc2 O-O-O $132 22. f4 $2 Rxg3 $1 $17)
19... cxd4 20. cxd4 Rc8+ 21. Kb1 Rg4 $17 {Black attacks with all his pieces.}
22. e5 (22. Rxh4 $6 Bxe4+ 23. Ka1 Bxf3 24. Qxf3 Rxh4 25. gxh4 Qxh4 $19) 22...
dxe5 23. d5 Bxd5 24. Nxh4 (24. Bxd5 exd5 25. Rxd5 Rgc4 $40) 24... Be4+ 25. Ka1
Bxh1 26. Qxg4 Qg5 $1 $19 {Black has parried all threats and maintains the
extra pawn in the ending.} 27. Qxg5 hxg5 28. Rxh1 gxh4 29. gxh4 Ke7 30. Kb1 e4
31. Re1 Nc5 32. Bc2 f5 33. Nf4 Bd4 34. Rf1 e5 35. Ne2 Rh8 36. f3 Rxh4 37. Ng3
Kf6 38. fxe4 f4 39. Nf5 Rg4 40. a3 Kg5 41. Nd6 Rg2 42. Nf5 Na4 43. Nxd4 exd4
44. e5 Nc5 45. b4 d3 46. bxc5 Rxc2 47. Re1 Rxc5 0-1

[Event "Primavara"]
[Site "Bucharest"]
[Date "1998.??.??"]
[Round "14"]
[White "Itkis, Boris"]
[Black "Svetushkin, Dmitry"]
[Result "1/2-1/2"]
[WhiteElo "2460"]
[BlackElo "2415"]
[Annotator "Marin,M"]
[PlyCount "126"]
[EventDate "1998.??.??"]
[EventType "tourn"]
[EventRounds "15"]
[EventCountry "ROU"]
[EventCategory "9"]
[SourceTitle "EXT 1999"]
[Source "ChessBase"]
[SourceDate "1998.11.16"]
[SourceVersion "1"]
[SourceVersionDate "1998.11.16"]
[SourceQuality "1"]

1. d4 Nf6 2. Nf3 g6 3. Bg5 Bg7 4. Nbd2 d6 5. e4 O-O 6. c3 Nbd7 7. Be2 e5 8.
dxe5 dxe5 9. O-O h6 10. Bh4 b6 11. Re1 Bb7 12. Bf1 Qe7 13. Qc2 a5 14. a4 Nc5
15. Bc4 Rfd8 16. Bg3 Nh5 17. Nb3 Nd7 18. Rad1 Nxg3 19. hxg3 Nf6 20. Rxd8+ Rxd8
21. Nbd2 Ng4 22. Qb3 Qf6 23. Nf1 Bf8 24. Ne3 Nxe3 25. Rxe3 Bc5 26. Re2 Kg7 27.
Qc2 h5 28. Qc1 Bc8 29. Rd2 Rh8 30. Rd3 b5 {?!?} (30... h4 31. gxh4 Rxh4 32. b4
(32. Nxh4 Qxf2+ 33. Kh2 Qxh4+ 34. Rh3 Bxh3 $19) 32... axb4 33. cxb4 Bd4 34.
Nxd4 exd4 35. Rf3 $18) 31. axb5 h4 32. gxh4 Rxh4 33. Rd5 Bb6 34. Rxe5 Rh3 35.
Qg5 Rxf3 36. gxf3 Qxf3 37. Qg2 Qf4 38. Qh2 Qg4+ 39. Kf1 Qd1+ 40. Kg2 Qd2 41.
Qg3 Qd8 42. Rd5 $18 Qf8 43. Rd3 Qe7 44. Qf4 Bc5 45. Rf3 f6 46. e5 f5 47. Rg3
Bb7+ 48. f3 Qd8 49. Qg5 $2 Bxf3+ 50. Kh2 (50. Kxf3 Qd1+ 51. Kf4 (51. Be2 Qd5+
52. Kf4 Qe4#) (51. Kg2 Qg1+ 52. Kh3 Qh1#) 51... Qd2+ 52. Kf3 Qf2#) 50... Qxg5
51. Rxg5 Be3 52. Rg3 Bf4 53. Kh3 Be4 54. Rg1 Bxe5 55. Re1 Kf6 56. Rxe4 fxe4 57.
Kg4 Bxc3 58. bxc3 Ke5 59. Bb3 g5 60. Bd1 Kd5 61. Kxg5 Kc4 62. Kf4 Kd3 63. c4
Kxc4 1/2-1/2

[Event "Lippstadt 10th"]
[Site "Lippstadt"]
[Date "2000.07.08"]
[Round "3"]
[White "Mueller, Karsten"]
[Black "McShane, Luke J"]
[Result "1-0"]
[WhiteElo "2513"]
[BlackElo "2480"]
[Annotator "McShane,L"]
[PlyCount "59"]
[EventDate "2000.07.06"]
[EventType "tourn"]
[EventRounds "11"]
[EventCountry "GER"]
[EventCategory "10"]
[SourceTitle "CBM 078"]
[Source "ChessBase"]
[SourceDate "2000.10.18"]
[SourceVersion "1"]
[SourceVersionDate "2000.10.18"]
[SourceQuality "1"]

1. d4 {Hazai} Nf6 2. Nf3 g6 3. c3 Bg7 4. Bg5 O-O 5. Nbd2 d6 6. e4 c5 {Hazai:
'Attacking the [+] like that is a rather popular option these days.'} 7. dxc5 (
7. d5 {Hazai} h6 (7... e6 {- Krasenkov-Bologan, CBM 76.}) 8. Bh4 e6 {The
position is rather similar to the 7...e6 lines.} 9. dxe6 Bxe6 10. Bc4 d5 11.
exd5 Bxd5 12. O-O Nc6 13. Qc2 Bxc4 {This idea looks also sufficient for an
equalization.} (13... Na5 {- Miles-Atalik, Szeged 1997 mentioned in
Krasenkov-Bologan, CBM 76}) 14. Nxc4 b5 15. Rad1 Qc8 16. Ne3 (16. Nd6 {looks
more active, but after} Qa6 {it is not easy to continue with White.}) 16... Re8
17. Bxf6 Bxf6 18. Rd6 Re6 19. Rd2 Bg7 20. Rfd1 {1/2-1/2 Miles-Fedorov, Saint
Vincent 2000}) 7... dxc5 8. Bc4 (8. Be2 Nc6 9. O-O Qc7 10. Qc2 Rd8 (10... h6
11. Be3 (11. Bh4 Nh5 12. Rfe1 Be6 13. Nc4 Bxc4 (13... Rfd8 {-10...Rd8}) 14.
Bxc4 Ne5 $11))) 8... Nc6 9. a4 $6 {Hazai: 'White wants to secure the a2-g8 /^
for his B and fights also against b7-b5.'} (9. Qe2 $142 Qc7 10. O-O (10. h3 h6
11. Be3 Nh5 12. Nh2 b5 $1 13. Bxb5 Nd4 14. cxd4 cxd4 15. O-O dxe3 16. Qxe3 Rb8
$19 {Zhu Chen-Kudrin, Beijing 1998}) 10... Na5 (10... h6 11. Bxf6 $1 exf6 (
11... Bxf6 12. Qe3 $14) 12. Nh4 $14) 11. Bd3 Be6 12. Nc4 Nc6 $13 {Tkachiev})
9... Qc7 10. O-O b6 {Hazai: 'Other tries come to consideration as well:'} (
10... Rb8 {Hazai /\ a6-b5} 11. Re1 Nh5 {>< f4} 12. Nf1 a6 13. Ne3 b5 14. Nd5
Qb7 15. axb5 axb5 16. Bf1 e6 17. Nf4 Nxf4 18. Bxf4 e5 19. Be3 Rd8 20. Nd2 Bf8
21. Qc2 {1/2-1/2 Zilberman-Gdanski, Moscow 1994. White is unable to exploit
the weakness of >< d5.}) (10... h6 {Hazai} 11. Bh4 (11. Be3 Ng4 12. Bxc5 $2
Nce5 $19) 11... Nh5 $132 {is another typical method fighting for the dark
squares on the >>.}) 11. Qe2 Nh5 (11... e6 {(Hazai) threatening against e5-e6.}
12. Rfe1 Re8 (12... h6 13. Bh4 Nh5 {is again the typical plan.}) 13. Rad1 Bb7
14. h3 a6 (14... h6) 15. Bd3 e5 {This weakens >< d5 and the a2-g8 /^.} (15...
h6 16. Bxf6 Bxf6 17. e5 Bg7 18. Nc4 $14) 16. Nc4 (16. Bc4 $5) 16... b5 17. Ne3
c4 {Now Black gains space on the << leading to a Ruy Lopez Rauzer type of
position.} 18. Bc2 Ne7 19. Ng4 Nxg4 20. hxg4 h6 21. Be3 g5 {This is an
unexpected plan!} 22. Nh2 Ng6 23. g3 Nf8 24. Ra1 Nd7 25. Nf1 Bf8 $13 {and it
is difficult for White to exploit the weakness of f5, Gaspariants-Fedorov, St
Petersburg 1999.}) (11... h6 {Hazai} 12. Bh4 Nh5 {deserved attention again.})
12. Qe3 Bb7 (12... Rd8 {Hazai}) 13. Rfe1 e5 {'?!' Hazai. Hazai: 'This weakens
only >< d5 without getting pressure on the dark squares.'} (13... Rad8 {Hazai})
14. Bd5 Kh8 (14... Nf4 {Hazai} 15. Nc4 (15. Rad1 h6 16. Bh4 Ba6) 15... h6 16.
Bh4 $14) 15. Nc4 Rae8 {'?!' Hazai.} (15... f6 {(Hazai) was still possible to
exchange the bad B.} 16. Bh6 Bxh6 (16... Nf4 17. Bxg7+ Kxg7 18. g3 Nxd5 19.
exd5 Na5 20. Nxa5 bxa5 21. c4 $16 {with a strong defended o^ on d5}) 17. Qxh6
Nf4 18. Rad1 Rad8 {and although White's position is preferable, there are no
immediate threats.}) 16. Rad1 f6 17. Bh6 (17. Bh4 Nf4) 17... Bxh6 {'?!' Hazai.
Hazai: 'This is the final mistake.'} (17... Nf4 {(Hazai) was the last chance
to defend:} 18. Bxg7+ Kxg7 19. g3 $16) 18. Qxh6 Nf4 19. Nh4 {'!' Hazai. Hazai:
'Now Black's position collapses, there are too many threats to parry.'} (19. g3
Nxd5 20. exd5 Nd8) 19... Ne7 $2 (19... Nd8 $142 $1 20. Nd6 (20. g3 Bxd5 21.
gxf4 Bxc4 22. Nxg6+ Kg8 23. Nxf8 Rxf8 $15) (20. Bxb7 Nf7 21. Nxg6+ Nxg6 22. Qh3
Qxb7 23. Rd7 Qc6 24. Nd6 Qxd6 25. Rxd6 Nxd6 $15) 20... Bxd5 21. Nxe8 Rxe8 22.
Nxg6+ $1 (22. Rxd5 Nxd5 23. Nxg6+ Kg8 24. exd5 Nf7 25. Qh5 hxg6 26. Qxg6+ Kf8
27. Qxf6 Qd7 $1 $17) (22. exd5 $2 Qd7 $3 {I missed this} (22... Nf7 $2 23. Qxf4
$1 $18) 23. Nf3 Qg4 24. g3 Qxf3 25. gxf4 Qg4+ 26. Kf1 Nf7 27. h3 Qxd1 $19)
22... Nxg6 23. Rxd5 Nf7 24. Qd2 Re7 25. Rd1 Nf8 $13) (19... Rd8 {Hazai} 20. g3
$18) 20. Bxb7 {'+-!' Hazai. Hazai: 'Black cannot trap the Q.'} (20. Nd6 Bxd5
21. Nxe8 Rxe8 22. exd5 Qd7 $1 23. b3 (23. Nf3 Nf5 24. Nxe5 fxe5 $17) 23... Ng8
$17) 20... Ng8 (20... Qxb7 {Hazai} 21. Nd6 $18) 21. Nxg6+ Nxg6 22. Qh3 $1 {
Hazai: 'This is the point!'} f5 (22... Qxb7 23. Rd7) 23. exf5 Nf4 24. Qf3 Nf6
25. Rd6 Rg8 26. Rxf6 e4 27. Rxe4 Rd8 28. Ne3 Nxg2 29. Nxg2 Qxb7 30. Rfe6 1-0

[Event "Sao Paulo zt 2.4"]
[Site "Sao Paulo"]
[Date "2001.??.??"]
[Round "6"]
[White "Soto Vega, Jorge"]
[Black "Vescovi, Giovanni P"]
[Result "0-1"]
[WhiteElo "2386"]
[BlackElo "2572"]
[Annotator "Melao,H"]
[PlyCount "74"]
[EventDate "2001.06.07"]
[EventType "tourn"]
[EventRounds "9"]
[EventCountry "BRA"]
[EventCategory "8"]
[SourceTitle "CBM 082 Extra"]
[Source "ChessBase"]
[SourceDate "2001.07.03"]
[SourceVersion "1"]
[SourceVersionDate "2001.07.03"]
[SourceQuality "1"]

1. d4 Nf6 2. Bg5 $5 {a abertura Trompowsky foi criada pelo campeão brasileiro
Otávio Trompowsky, que conseguiu inclusive empatar com o campeão mundial
Alexander Alekhine usando sua abertura.} d6 ({o mais exato parece ser} 2... Ne4
$1) 3. Nd2 Nbd7 4. Ngf3 g6 5. e4 e5 6. dxe5 dxe5 7. Bc4 {transformando-se numa
Defesa Pirc.} ({com} 7. c4 {teríamos uma Índia do Rei}) 7... Bg7 8. Qe2 O-O 9.
O-O h6 $1 $146 (9... c6 10. Rfd1 Qc7 11. c3 Nb6 12. Bb3 Bd7 13. Nc4 Nxc4 14.
Bxc4 Rfe8 15. Bxf6 Bxf6 16. Rd3 Rad8 17. Rad1 Bg4 18. h3 Bxf3 19. Qxf3 Kg7 20.
Rxd8 Rxd8 21. Rxd8 Qxd8 22. Qd3 Qxd3 23. Bxd3 Kf8 24. Kf1 {Meyer,K-Weichhold,C/
Oberhof 1998/EXT 2000/1/2-1/2 (34)}) 10. Bh4 c6 11. Rfd1 Qc7 12. a4 Nh5 13. Be7
Re8 14. Ba3 Bf8 ({mais natural seria} 14... Nf4 15. Qe3 Nf8 {[%cal Yc8e6,Yf8e6,
Ye6d4] e as peças Pretas gozariam de grande mobilidade.}) 15. Qe3 Kg7 16. a5 $1
Bxa3 17. Rxa3 Ndf6 18. Qc3 {[%csl Rc6,Re5][%cal Yc3g7,Yc3c7,Ya5a6,Yc4d5,Yd5c6]}
Nf4 19. g3 (19. a6 b6 20. Bf1 (20. Bb5 Bd7 {[%cal Ya8c8]}) 20... Bd7 21. Re1 {
[%cal Yd2c4]} Rab8 $1 {[%cal Yb6b5,Yb5b4]}) 19... Nh3+ 20. Kg2 Bg4 21. Rf1 Rad8
{há mais harmonia entre as peças Pretas.} 22. Qe3 c5 23. Bb5 Re7 24. Rc3 Rd4 $1
{[%csl Re4]} 25. Bd3 Qxa5 26. Nb3 (26. Ra3 $5) 26... Qb6 27. Rxc5 $2 (27. Nxc5
Bxf3+ 28. Qxf3 Ng5 29. Qe3 $13) 27... Bxf3+ 28. Qxf3 Ng5 29. Qe3 Rb4 {[%csl
Rb2,Re4]} 30. Re1 Ngxe4 31. Rc8 Qe6 32. Rd8 (32. Ra8 Ng5 33. f3 $19) 32... Ng5
33. f3 $2 (33. Be2 Qc6+ 34. f3 Qxc2 $19) {[%tqu "En","Qual o melhor lance para
as Pretas?","","","e5e4","",10]} 33... e4 $1 $19 34. fxe4 Qh3+ 35. Kh1 Rbxe4 $1
(35... Ng4 $5 36. Qg1 Nf3 $19) 36. Bxe4 Rxe4 37. Qc3 Nf3 0-1

[Event "Metz op 30th"]
[Site "Metz"]
[Date "2012.04.23"]
[Round "3"]
[White "Bujisho, Benjamin"]
[Black "Libiszewski, Fabien"]
[Result "1/2-1/2"]
[WhiteElo "2381"]
[BlackElo "2523"]
[Annotator "Metz Alekhine/Primel,D"]
[PlyCount "45"]
[EventDate "2012.04.14"]
[EventType "swiss"]
[EventRounds "9"]
[EventCountry "FRA"]
[SourceTitle "EXT 2013"]
[Source "ChessBase"]
[SourceDate "2012.11.22"]
[SourceVersion "1"]
[SourceVersionDate "2012.11.22"]
[SourceQuality "1"]

1. Nf3 Nf6 2. d4 g6 3. c3 Bg7 4. Bg5 b6 5. e3 (5. Nbd2 Bb7 6. Qc2 O-O 7. e4 d6
8. Bc4 Qe8 9. O-O e5 10. dxe5 dxe5 11. a4 a6 12. Bxf6 Bxf6 13. Rad1 Nd7 14. Bd5
Bxd5 15. exd5 Bg7 16. Rfe1 Qd8 17. Nc4 Re8 18. h4 f5 19. d6 e4 20. dxc7 Qxc7
21. Nd6 Nc5 22. Nxe8 Rxe8 23. Nd4 Qf7 24. Rf1 Bf6 25. h5 Kg7 26. b3 Rc8 27. c4
Nd3 28. Ne2 Qe6 29. Qd2 Be5 30. h6+ Kf7 31. f3 Qe7 32. g3 Qc5+ 33. Kh2 Qe7 34.
Kg2 Rd8 {Norowitz,Y (2432)-Kuzubov,Y (2622) Reykjavik 2013 1-0}) 5... Bb7 6. h3
d6 7. Nbd2 Nbd7 $146 (7... O-O 8. Be2 c5 9. O-O Nbd7 10. a4 a6 11. Re1 Qc7 12.
Bf1 Rac8 13. Bf4 Qb8 14. Bh2 Qa8 15. Bd3 e5 16. dxe5 Nxe5 17. Nxe5 dxe5 18. e4
Rcd8 19. Qe2 Nh5 20. Nc4 Qb8 21. Nxb6 Bxe4 22. Bxe4 Qxb6 23. a5 Qe6 24. Bd3 Rd6
25. Bc4 Qd7 26. Red1 Ra8 27. Bxf7+ Kh8 28. Bc4 Nf4 29. Bxf4 exf4 30. Rxd6 Qxd6
31. Rd1 Qc7 32. Qe4 Rf8 33. Qe6 f3 34. Rd7 Qe5 35. Qxe5 Bxe5 36. Rd5 Bf6 37.
gxf3 {Mensch,E (2372)-Bissieres,M (2308) France 2009 1/2-1/2}) 8. Bc4 O-O 9.
O-O e5 10. a4 h6 11. Bh4 e4 12. Ne1 d5 13. Be2 c5 14. Nc2 (14. a5 {[%cal Ga5a6]
} Qc7 15. a6 Bc8 16. Nc2 $14 {[%cal Gc2a3,Ga3b5]}) 14... Re8 15. c4 cxd4 16.
Nxd4 Ne5 $11 17. a5 Rc8 18. cxd5 Qxd5 19. axb6 axb6 20. Qb3 Qxb3 21. N2xb3 Bd5
22. Bb5 Re7 23. Rfc1 1/2-1/2